000 00559nam a2200181Ia 4500
008 090123s9999 xx 000 0 und d
082 _b12314
_a891.463/मुसळे
100 _aमुसळे गोविंद ना
245 _aऊन पाऊस
250 _a1
260 _bमंजिरी प्रकाशन
_c1978
300 _a214
600 _aमुसळे गोविंद ना
630 _aऊन पाऊस
700 _aमुसळे गोविंद ना
730 _aऊन पाऊस
942 _cBOOK
999 _c50378
_d50378